RRIC BULLETIN (Record no. 3601)
[ view plain ]
| 000 -LEADER | |
|---|---|
| fixed length control field | 00458nam a2200145Ia 4500 |
| 022 ## - INTERNATIONAL STANDARD SERIAL NUMBER | |
| ISSN | 1391-0051 |
| 245 #0 - TITLE STATEMENT | |
| Title | RRIC BULLETIN |
| 246 ## - VARYING FORM OF TITLE | |
| Title proper/short title | 1. RRISL Bulletin 2. Bulletin of the Rubber Research Institute of Sri Lanka |
| 260 ## - PUBLICATION, DISTRIBUTION, ETC. (IMPRINT) | |
| Name of publisher | Rubber Research Institute of Ceylon, Agalawatta |
| Place of publication | Ceylon |
| 310 ## - CURRENT PUBLICATION FREQUENCY | |
| Current publication frequency | Ir |
| 500 ## - GENERAL NOTE | |
| General note | Ending Volume & Year: 7, 1972 |
| 500 ## - GENERAL NOTE | |
| General note | Starting Volume & Year: 1, 1966 |
| 942 ## - ADDED ENTRY ELEMENTS (KOHA) | |
| Koha item type | Bound Journal |
| Withdrawn status | Lost status | Damaged status | Not for loan | Home library | Current library | Date acquired | Accession Number | Koha item type |
|---|---|---|---|---|---|---|---|---|
| Bound journals | RRII Library | RRII Library | 31/12/2021 | 03561J | Bound Journal |